Bases, méthodes et résultats de la chronologie égyptienne. Compléments /

محفوظ في:

المؤلف الرئيسي: Weill, Raymond, 1874-1950 (مؤلف)

التنسيق: كتاب

اللغة: French

منشور في: Paris : Geuthner , 1928.

سلاسل: Etudes d'Egyptologie ; 2.

الموضوعات:

الوسوم: إضافة وسم

لا توجد وسوم, كن أول من يضع وسما على هذه التسجيلة!

رقم الطلب: CE29 .W4 v.2

LEADER 00672namaa2200229 4500
001 7630
003 OSt
005 20251105075737.0
008 130303s1928 fr 000 0 fre d
040 |c ARCE Library 
043 |a f-ua--- 
050 4 |a CE29 .W4 v.2 
100 1 |a Weill, Raymond,  |d 1874-1950,  |e author 
245 1 0 |a Bases, méthodes et résultats de la chronologie égyptienne.   |p Compléments /   |c par Raymond Weill. 
264 1 |a Paris :  |b Geuthner ,  |c 1928. 
300 |a 63 pages ;   |c 25 cm. 
490 0 |a Etudes d'Egyptologie ;   |v 2. 
650 0 |a Chronology, Egyptian. 
651 0 |a Egypt  |x History  |v Chronology. 
901 |a reviewed 
942 |c BK  |2 lcc 
999 |c 9255  |d 9255